| 000 | 01076cam a2200361 a 4500 | ||
|---|---|---|---|
| 999 |
_c3659 _d3659 |
||
| 001 | 828508 | ||
| 003 | ALUPE UNIVERSITY | ||
| 005 | 20220328075500.0 | ||
| 008 | 920813s1991 gw 0 eng c | ||
| 020 | _a3798508445 | ||
| 035 | _aocm70312358 | ||
| 040 |
_beng _cALUPE UNIVERSITY |
||
| 049 | _aAEU | ||
| 050 |
_aRC685 _b.A37 1991 |
||
| 055 | 3 |
_aRC 685 C6 _bA242 1991 |
|
| 090 | 0 | _aRC 685 C6 A242 1991 | |
| 245 | 0 | 0 |
_aAdrenergic mechanisms in myocardial ischemia / _cGerd Heusch, John Ross, Jr., eds. |
| 260 |
_aDarmstadt : _bSteinkopff Verlag, _cc1991. |
||
| 300 |
_a376 p. : _bill. ; _c25 cm. |
||
| 336 |
_atext _btxt _2rdacontent |
||
| 337 |
_aunmediated _bn _2rdamedia |
||
| 338 |
_avolume _bnc _2rdacarrier |
||
| 500 | _aIncludes index. | ||
| 504 | _aIncludes bibliographical references. | ||
| 650 | 0 | _aCoronary heart disease. | |
| 650 | 0 |
_aAdrenaline _xReceptors. |
|
| 650 | 2 | _aCoronary Disease. | |
| 650 | 2 | _aReceptors, Adrenergic. | |
| 650 | 0 | _aAdrenergic mechanisms. | |
| 700 | 1 | _aHeusch, Gerd. | |
| 700 | 1 | _aRoss, John. | |
| 942 |
_2lcc _cBK _nJO |
||